LEADER 01051nam--2200349---450 001 990001920230203316 005 20210217104553.0 035 $a000192023 035 $aUSA01000192023 035 $a(ALEPH)000192023USA01 035 $a000192023 100 $a20040810d1955----km-y0itay0103----ba 101 0 $aita 102 $aIT 105 $a||||||||001yy 200 1 $a<> Secondo Risorgimento$enel decennale della Resistenza e del ritorno alla democrazia$e1945-1955$fscritti di A. Garosci...[et al.] 210 $aRoma$cIstituto Poligrafico dello Stato$d1955 215 $a495 p., [16] carte di tav.$cill.$d26 cm 410 0$12001 454 1$12001 461 1$1001-------$12001 606 0 $aAntifascismo$yItalia 676 $a940.5345 702 1$aGAROSCI,$bAldo 801 0$aIT$bsalbc$gISBD 912 $a990001920230203316 951 $aX.3.A. 492a(III E 469)$b3427 L.M.$cIII E 951 $aX.3.A. 492(III E 470)$b3428 L.M.$cIII E 959 $aBK 969 $aUMA 996 $aSecondo Risorgimento$9845459 997 $aUNISA LEADER 01552nas 2200433-- 450 001 996335791603316 005 20230321204801.0 035 $a(CKB)110978966555810 035 $a(CONSER)sn-79002853- 035 $a(MiAaPQ)2027268 035 $a(EXLCZ)99110978966555810 100 $a20790515a19729999 --- a 101 0 $aeng 181 $ctxt$2rdacontent 182 $cc$2rdamedia 183 $acr$2rdacarrier 200 00$aClinical lab products 210 $aAmherst, N.H. $cClinical Lab Products 215 $a1 online resource 311 $aPrint version: Clinical lab products. (DLC)sn 79002853 (OCoLC)4963928 0192-1282 606 $aDiagnosis, Laboratory$xEquipment and supplies$vPeriodicals 606 $aMedical laboratory technology$vPeriodicals 606 $aEquipment and Supplies 606 $aClinical Laboratory Techniques$xinstrumentation 606 $aDiagnosis, Laboratory$xEquipment and supplies$2fast$3(OCoLC)fst00892312 606 $aMedical laboratory technology$2fast$3(OCoLC)fst01014300 608 $aCatalog. 608 $aPeriodical. 615 0$aDiagnosis, Laboratory$xEquipment and supplies 615 0$aMedical laboratory technology 615 12$aEquipment and Supplies. 615 22$aClinical Laboratory Techniques$xinstrumentation. 615 7$aDiagnosis, Laboratory$xEquipment and supplies. 615 7$aMedical laboratory technology. 906 $aNEWSPAPER 912 $a996335791603316 920 $aexl_impl conversion 996 $aClinical lab products$92409344 997 $aUNISA